000 00810nam a2200205 a 4500
001 BRCA_2126
005 20190320203659.0
008 120808s1991----mx-a---###---#000-0#spa-#
050 4 _aF1391.P8
_b.L43 71
_c1991
100 1 _aVázquez Benítez, José Alberto
_9273
245 1 0 _aLas campanas de la catedral de Puebla
_cJosé Alberto Vázquez Benítez, Miguel Rodríguez Galeote.
260 _aPuebla, México
_bGobierno del Estado de Puebla : Secretaría de Cultura : Comisión Puebla V Centenario
_c1991
300 _a31 p.
_bil.
_c21 cm.
440 0 _aLecturas Históricas de Puebla
_n71
_96427
504 _aBibliografía: p. 31
651 4 _aPuebla (México)
_xHistoria
_9409
651 4 _aPuebla (México)
_xEdificios, estructuras, etc.
_93182
700 1 _aRodríguez Galeote, Miguel
_96428
942 _2lcc
_cB
999 _c1883
_d1883